000 00880nam a22002657a 4500
001 9475
003 FISKH
005 20260114090033.0
008 260114b cb ||||| |||| 00| 0 eng d
020 _a1880892588
040 _aFISKH
_beng
_cFISKH
_dFISKH
050 _aPZ7
100 _aNichols , Yuriko
245 _aJo and the foal :
_cWritten by Yuriko Nichols and Illustrations by Ron Wheeler
_bSucessful Reading for Beginners /
260 _aMelrose , FL :
_bCommon Sense Press ,
_c1998 .
300 _a10 pages :
_billustrations ;
_c14 X 21 cm .
490 _aLond Vowel Reader
_vBook 7
505 _aE
520 _aThese 28 readers go along with Learning Language Arts Through Literature, Grade 1.
521 8 _a200
_bLexile estimate
521 8 _aE
_bRaz-Plus
700 _aWheeler , Ron
_eIllustrator
942 _2ddc
_cBK
_n0
999 _c9475
_d9475